| 000 | 01244nam a22002175i 4500 | ||
|---|---|---|---|
| 001 | 165387 | ||
| 003 | ES-MaACL | ||
| 005 | 20230906213128.0 | ||
| 008 | 990204m18711893po |||| | por d | ||
| 100 | 1 |
_aSilvestre Ribeiro, José. _9132747 |
|
| 245 | 1 | 0 |
_aHistoria dos estabelecimentos scientificos, litterarios e artisticos de Portugal nos successivos reinados da monarchia / _cpor José Silvestre Ribeiro. |
| 260 |
_aLisboa : _b[s.n.], _c1871-1893 ( _fTyp. da Academia Real das Sciencias) |
||
| 300 |
_a18 v. ; _c24 cm. |
||
| 597 | _aVol. I (XI, 521 p.) -- v. II (XI, 477 p.) -- v. III (XI, 476 p.) -- v. IV (XI, 489 p.) -- v. V (XI, 473 p.) -- v. VI (XIII, 474 p.) -- v. VII (XI, 475 p.) -- v. VIII (VI, 493 p.) -- v. IX (XIII, 493 p.) -- v. X (XX, 514 p.) -- v. XI (VI, 492 p.) -- v. XII (VI, 490 p.) -- v. XIII (V, 464 p.) -- v. XIV (VI, 571 p.) -- v. XV (VI, 475 p.) -- v. XVI (VI, 496 p.) -- v. XVII (VI, 658 p.) -- v. XVIII (367 p.) | ||
| 650 | 4 |
_aInstituciones científicas- _zPortugal. _9176269 |
|
| 650 | 4 |
_aInstituciones culturales- _zPortugal. _9176270 |
|
| 650 | 4 |
_aCiencia- _zPortugal. _9170928 |
|
| 651 |
_aPortugal- _xCivilización. _99249 |
||
| 752 |
_aPortugal - _dLisboa |
||
| 852 | 4 |
_aES-MaACL _jG-8443-60 _z- Enc. pasta |
|
| 999 |
_c165387 _d165387 |
||